NFL Top 4 Finishers - Statistics

General Stats
  • This quiz has been taken 57 times
    32 since last reset
  • The average score is 28 of 96
Answer Stats
Year Answer % Correct
2023 Chiefs
100%
2023 49ers
95%
2022 Chiefs
90%
2022 Eagles
90%
2023 Lions
86%
2021 Bengals
81%
2021 Rams
81%
2023 Ravens
81%
2022 Bengals
76%
2021 Chiefs
76%
2020 Chiefs
76%
2018 Patriots
76%
2019 49ers
71%
2020 Buccaneers
71%
2019 Chiefs
71%
2022 49ers
67%
2021 49ers
67%
2017 Eagles
67%
2017 Patriots
67%
2018 Rams
67%
2018 Chiefs
62%
2017 Patriots
62%
2020 Bills
57%
2016 Falcons
52%
2020 Packers
52%
2019 Packers
48%
2014 Patriots
48%
2015 Broncos
43%
2019 Titans
43%
Panthers
38%
Seahawks
38%
2018 Saints
33%
2017 Jaguars
29%
2016 Packers
29%
2013 Seahawks
29%
2017 Vikings
29%
49ers
24%
Broncos
24%
2010 Packers
24%
Patriots
24%
Cardinals
19%
Packers
19%
Patriots
19%
Patriots
19%
2003 Patriots
19%
2012 Ravens
19%
2016 Steelers
19%
49ers
14%
Cardinals
14%
Colts
14%
2011 Giants
14%
2007 Giants
14%
2004 Patriots
14%
2009 Saints
14%
Steelers
14%
2008 Steelers
14%
2005 Steelers
14%
49ers
10%
Bears
10%
Colts
10%
Eagles
10%
Eagles
10%
Packers
10%
Patriots
10%
Patriots
10%
Seahawks
10%
Bears
5%
2002 Buccaneers
5%
Chargers
5%
2006 Colts
5%
Eagles
5%
Eagles
5%
Eagles
5%
Falcons
5%
Giants
5%
Jets
5%
Panthers
5%
Patriots
5%
2001 Patriots
5%
Raiders
5%
Ravens
5%
Ravens
5%
2000 Ravens
5%
Vikings
5%
Broncos
0%
Colts
0%
Falcons
0%
Jets
0%
Panthers
0%
Raiders
0%
Rams
0%
Saints
0%
Steelers
0%
Steelers
0%
Titans
0%
Vikings
0%
No matching quizzes found
Score Distribution
Percent of People with Each Score
Percentile by Number Answered
Your Score History
You have not taken this quiz since the last reset